00245nam a2200109Ia 4500008004100000082001600041100001700057245002200074250000800096260002300104300000800127150301s2011 xx 000 0 und d a657.03bJAI aJAIN, MANISH aBASIC OF ACCOUNTS a1ST bABISHEK PUB.c2011 a247